2026 UCI WorldTour & ProSeries Races (Men) - Statistics

General Stats
  • This quiz has been taken 7 times
  • The average score is 25 of 97
Answer Stats
Class Country Race % Correct
2.UWT ๐Ÿ‡ฆ๐Ÿ‡บ Tour Down Under
71%
2.UWT ๐Ÿ‡ฎ๐Ÿ‡น Giro d'Italia
57%
2.UWT ๐Ÿ‡ช๐Ÿ‡ธ La Vuelta Ciclista a Espaรฑa
57%
1.UWT ๐Ÿ‡ง๐Ÿ‡ช Omloop Nieuwsblad
57%
1.UWT ๐Ÿ‡ซ๐Ÿ‡ท Paris-Roubaix
57%
2.UWT ๐Ÿ‡ซ๐Ÿ‡ท Tour Auvergne - Rhรดne-Alpes
57%
2.UWT ๐Ÿ‡ซ๐Ÿ‡ท Tour de France
57%
2.UWT ๐Ÿ‡จ๐Ÿ‡ญ Tour de Romandie
57%
2.Pro ๐Ÿ‡ด๐Ÿ‡ฒ Tour of Oman
57%
2.Pro ๐Ÿ‡ธ๐Ÿ‡ฆ AlUla Tour
43%
1.UWT ๐Ÿ‡ณ๐Ÿ‡ฑ Amstel Gold Race
43%
1.UWT ๐Ÿ‡ฉ๐Ÿ‡ฐ Copenhagen Sprint
43%
1.UWT ๐Ÿ‡ง๐Ÿ‡ช E3 Saxo Classic
43%
1.UWT ๐Ÿ‡ฎ๐Ÿ‡น Il Lombardia
43%
1.UWT ๐Ÿ‡ง๐Ÿ‡ช In Flanders Fields
43%
2.UWT ๐Ÿ‡ช๐Ÿ‡ธ Itzulia Basque Country
43%
1.UWT ๐Ÿ‡ง๐Ÿ‡ช Liรจge-Bastogne-Liรจge
43%
1.UWT ๐Ÿ‡ฎ๐Ÿ‡น Milano-Sanremo
43%
2.UWT ๐Ÿ‡ซ๐Ÿ‡ท Paris-Nice
43%
1.UWT ๐Ÿ‡ง๐Ÿ‡ช Ronde van Vlaanderen
43%
1.UWT ๐Ÿ‡ฎ๐Ÿ‡น Strade Bianche
43%
2.UWT ๐Ÿ‡ฎ๐Ÿ‡น Tirreno-Adriatico
43%
2.UWT ๐Ÿ‡ต๐Ÿ‡ฑ Tour de Pologne
43%
2.UWT ๐Ÿ‡จ๐Ÿ‡ญ Tour de Suisse
43%
2.Pro ๐Ÿ‡ฌ๐Ÿ‡ง Tour of Britain
43%
2.Pro ๐Ÿ‡ฉ๐Ÿ‡ฐ Tour of Denmark
43%
2.UWT ๐Ÿ‡ฆ๐Ÿ‡ช UAE Tour
43%
2.Pro ๐Ÿ‡ต๐Ÿ‡น Volta ao Algarve em Bicicleta
43%
2.UWT ๐Ÿ‡ช๐Ÿ‡ธ Volta Ciclista a Catalunya
43%
2.Pro ๐Ÿ‡ณ๐Ÿ‡ด Arctic Race of Norway
29%
2.Pro ๐Ÿ‡ง๐Ÿ‡ช Baloise Belgium Tour
29%
1.Pro ๐Ÿ‡ง๐Ÿ‡ช Bredene Koksijde Classic
29%
1.UWT ๐Ÿ‡ซ๐Ÿ‡ท Bretagne Classic
29%
2.Pro ๐Ÿ‡จ๐Ÿ‡ฟ Czech Tour
29%
1.Pro ๐Ÿ‡ง๐Ÿ‡ช De Brabantse Pijl
29%
1.UWT ๐Ÿ‡ง๐Ÿ‡ช Dwars door Vlaanderen
29%
1.UWT ๐Ÿ‡ฉ๐Ÿ‡ช Eschborn-Frankfurt
29%
1.Pro ๐Ÿ‡ต๐Ÿ‡น Figueira Champions Classic
29%
1.UWT ๐Ÿ‡จ๐Ÿ‡ฆ Grand Prix Cycliste de Montrรฉal
29%
1.UWT ๐Ÿ‡จ๐Ÿ‡ฆ Grand Prix Cycliste de Quรฉbec
29%
1.Pro ๐Ÿ‡ง๐Ÿ‡ช Kuurne - Brussel - Kuurne
29%
1.UWT ๐Ÿ‡ง๐Ÿ‡ช La Flรจche Wallonne
29%
1.Pro ๐Ÿ‡ซ๐Ÿ‡ท Paris - Tours
29%
2.UWT ๐Ÿ‡ง๐Ÿ‡ช Renewi Tour
29%
1.UWT ๐Ÿ‡ง๐Ÿ‡ช Ronde van Brugge
29%
1.Pro ๐Ÿ‡ง๐Ÿ‡ช Scheldeprijs
29%
2.Pro ๐Ÿ‡ญ๐Ÿ‡บ Tour de Hongrie
29%
2.Pro ๐Ÿ‡ฑ๐Ÿ‡บ Tour de Luxembourg
29%
2.Pro ๐Ÿ‡จ๐Ÿ‡ณ Tour of Hainan
29%
2.Pro (cancelled) ๐Ÿ‡ณ๐Ÿ‡ด Tour of Norway
29%
2.Pro ๐Ÿ‡ธ๐Ÿ‡ฎ Tour of Slovenia
29%
2.Pro ๐Ÿ‡ช๐Ÿ‡ธ Vuelta a Andalucia Ruta Ciclista Del Sol
29%
1.UWT ๐Ÿ‡ฆ๐Ÿ‡บ Cadel Evans Great Ocean Road Race
14%
1.Pro ๐Ÿ‡ช๐Ÿ‡ธ Clasica de Almeria
14%
1.Pro ๐Ÿ‡ซ๐Ÿ‡ท Classique Dunkerque
14%
1.Pro ๐Ÿ‡ฎ๐Ÿ‡น Coppa Bernocchi
14%
1.Pro ๐Ÿ‡ฎ๐Ÿ‡น Coppa Sabatini
14%
2.Pro ๐Ÿ‡ญ๐Ÿ‡ท CRO Race
14%
1.UWT ๐Ÿ‡ฉ๐Ÿ‡ช Cyclassics
14%
1.Pro ๐Ÿ‡ง๐Ÿ‡ช Danilith Nokere Koerse
14%
2.Pro ๐Ÿ‡ฉ๐Ÿ‡ช Deutschland Tour
14%
1.UWT ๐Ÿ‡ช๐Ÿ‡ธ Donostia San Sebastian Klasikoa
14%
1.Pro ๐Ÿ‡ซ๐Ÿ‡ท Faun-Ardรจche Classic
14%
1.Pro ๐Ÿ‡ซ๐Ÿ‡ท Faun Drome Classic
14%
1.Pro ๐Ÿ‡ฎ๐Ÿ‡น Giro dell'Emilia
14%
1.Pro ๐Ÿ‡ฎ๐Ÿ‡น Giro del Veneto
14%
1.Pro ๐Ÿ‡ฎ๐Ÿ‡น GP Industria & Artigianato
14%
1.Pro ๐Ÿ‡บ๐Ÿ‡ธ Maryland Cycling Classic
14%
1.Pro ๐Ÿ‡ฎ๐Ÿ‡น Milano - Torino
14%
1.Pro ๐Ÿ‡ด๐Ÿ‡ฒ Muscat Classic
14%
2.Pro ๐Ÿ‡น๐Ÿ‡ท Presidential Cycling Tour of Tรผrkiye
14%
1.Pro ๐Ÿ‡ฉ๐Ÿ‡ช Sparkassen Mรผnsterland Giro
14%
1.Pro ๐Ÿ‡ง๐Ÿ‡ช SUPER 8 Classic
14%
1.Pro (cancelled) ๐Ÿ‡ฆ๐Ÿ‡บ Surf Coast Classic
14%
2.Pro ๐Ÿ‡ฒ๐Ÿ‡พ Tour de Langkawi
14%
2.UWT ๐Ÿ‡จ๐Ÿ‡ณ Tour of Guangxi
14%
2.Pro ๐Ÿ‡จ๐Ÿ‡ณ Tour of Magnificent Qinghai
14%
2.Pro ๐Ÿ‡ฎ๐Ÿ‡น Tour of the Alps
14%
1.Pro ๐Ÿ‡ฎ๐Ÿ‡น Tre Valli Varesine
14%
1.Pro ๐Ÿ‡ซ๐Ÿ‡ท Tro-Bro Lรฉon
14%
1.Pro ๐Ÿ‡ฎ๐Ÿ‡น Trofeo Laigueglia
14%
1.Pro ๐Ÿ‡ฏ๐Ÿ‡ต Utsunomiya Japan Cup Road Race
14%
2.Pro ๐Ÿ‡ช๐Ÿ‡ธ Volta Comunitat Valenciana
14%
2.Pro ๐Ÿ‡ช๐Ÿ‡ธ Vuelta a Burgos
14%
2.Pro ๐Ÿ‡ซ๐Ÿ‡ท 4 Jours de Dunkerque
0%
2.Pro ๐Ÿ‡ซ๐Ÿ‡ท Boucles de la Mayenne
0%
1.Pro ๐Ÿ‡ง๐Ÿ‡ช Brussels Cycling Classic
0%
1.Pro ๐Ÿ‡ง๐Ÿ‡ช Circuit Franco-Belge
0%
1.Pro ๐Ÿ‡ซ๐Ÿ‡ท GP des Fourmies
0%
1.Pro ๐Ÿ‡ซ๐Ÿ‡ท Grand Prix de Denain - Porte du Hainaut
0%
1.Pro ๐Ÿ‡ง๐Ÿ‡ช Grand Prix de Wallonie
0%
1.Pro ๐Ÿ‡ซ๐Ÿ‡ท Grand Prix du Morbihan
0%
1.Pro ๐Ÿ‡ฎ๐Ÿ‡น Gran Piemonte
0%
1.Pro ๐Ÿ‡ช๐Ÿ‡ธ Gran Premio Miguel Indurain
0%
2.Pro ๐Ÿ‡ซ๐Ÿ‡ท Rรฉgion Pays de la Loire Tour
0%
2.Pro ๐Ÿ‡ง๐Ÿ‡ช Tour de Wallonie
0%
1.Pro ๐Ÿ‡ฎ๐Ÿ‡น Veneto Classic
0%
No matching quizzes found
Score Distribution
Percent of People with Each Score
Percentile by Number Answered
Your Score History
You have not taken this quiz